000 00689nam a2200157 i 4500
001 153835
003 ES-MaACL
005 20230906205413.0
008 041014s1836 sp |||| | spa d
110 1 _aEspaña.
_bCortes Generales.
_93668
245 1 0 _aOrdenanza para el régimen, constitución y servicio de la Milicia Nacional local de la península e islas adyacentes
_b: formada por las Cortes en 29 de junio de 1822, y mandada observar por S.M. en Real decreto de 22 de agosto de 1836.
260 _aMadrid :
_b[s.n.],
_c1836 (
_fImp. de J.F.E.)
300 _a34 p. ;
_c16 cm.
650 4 _aMilicias-
_zEspaña.
_9143671
852 _aES-MaACL
_jFol-Laf-500
_z. - Legado M. de La Fuente
999 _c153835
_d153835